Geology of Catahoula and Concordia Parishes. (Record no. 27377)
[ view plain ]
| 000 -LEADER | |
|---|---|
| fixed length control field | 01040cam a22002771 4500 |
| 001 - CONTROL NUMBER | |
| control field | gs 37000233 |
| 003 - CONTROL NUMBER IDENTIFIER | |
| control field | DLC |
| 005 - DATE AND TIME OF LATEST TRANSACTION | |
| control field | 20260227111342.0 |
| 008 - FIXED-LENGTH DATA ELEMENTS--GENERAL INFORMATION | |
| fixed length control field | 770628s1936 lauab b 001 0 eng c |
| 010 ## - LIBRARY OF CONGRESS CONTROL NUMBER | |
| LC control number | gs 37000233 |
| 035 ## - SYSTEM CONTROL NUMBER | |
| System control number | (OCoLC)3079791 |
| 040 ## - CATALOGING SOURCE | |
| Original cataloging agency | U.S. Geol. Survey. Libr. |
| Transcribing agency | FPeU |
| Modifying agency | OCoLC |
| -- | DLC |
| 042 ## - AUTHENTICATION CODE | |
| Authentication code | premarc |
| 050 00 - LIBRARY OF CONGRESS CALL NUMBER | |
| Classification number | QE117 |
| Item number | .A22 no. 9 |
| 082 ## - DEWEY DECIMAL CLASSIFICATION NUMBER | |
| Classification number | 557.63 |
| 100 1# - MAIN ENTRY--PERSONAL NAME | |
| Personal name | Chawner, William Donald. |
| 245 10 - TITLE STATEMENT | |
| Title | Geology of Catahoula and Concordia Parishes. |
| 260 ## - PUBLICATION, DISTRIBUTION, ETC. | |
| Place of publication, distribution, etc. | New Orleans, |
| Name of publisher, distributor, etc. | Dept. of Conservation, Louisiana Geological Survey, |
| Date of publication, distribution, etc. | 1936. |
| 300 ## - PHYSICAL DESCRIPTION | |
| Extent | xiii, 232 p. |
| Other physical details | illus., 3 fold. maps (in pocket) tables. |
| Dimensions | 23 cm. |
| 490 1# - SERIES STATEMENT | |
| Series statement | Louisiana. Dept. of Conservation. Geological bulletin |
| Volume/sequential designation | no. 9 |
| 504 ## - BIBLIOGRAPHY, ETC. NOTE | |
| Bibliography, etc. note | "Partial and selected list of maps dealing with the area": p. 193-196. |
| 504 ## - BIBLIOGRAPHY, ETC. NOTE | |
| Bibliography, etc. note | Bibliography: p. 197-211. |
| 650 #0 - SUBJECT ADDED ENTRY--TOPICAL TERM | |
| Topical term or geographic name entry element | Geology |
| Geographic subdivision | Louisiana |
| -- | Catahoula Parish. |
| 650 #0 - SUBJECT ADDED ENTRY--TOPICAL TERM | |
| Topical term or geographic name entry element | Geology |
| Geographic subdivision | Louisiana |
| -- | Concordia Parish. |
| 810 2# - SERIES ADDED ENTRY--CORPORATE NAME | |
| Corporate name or jurisdiction name as entry element | Louisiana Geological Survey. |
| Title of a work | Geological bulletin ; |
| Volume/sequential designation | no. 9. |
No items available.